Sistemas de producción de carne con novillos holandeses, en base a forrajes del área centro sur
Shranjeno v:
| Glavni avtor: | |
|---|---|
| Drugi avtorji: | |
| Format: | Knjiga |
| Jezik: | španščina |
| Izdano: |
Chillán
Instituto de Investigaciones Agropecuarias
1976
|
| Serija: | Boletín Técnico, 5
|
| Teme: | |
| Oznake: |
Označite
Brez oznak, prvi označite!
|
MARC
| LEADER | 00000nam a2200000 a 4500 | ||
|---|---|---|---|
| 001 | UCS9483 | ||
| 003 | CL-VaPUC | ||
| 008 | 971121e19760000CL |||||||||||||||||spa|d | ||
| 082 | 0 | 4 | |a 636.2 |b KLE |2 21 |
| 100 | |a Klee G., Germán |e autor |9 618533 | ||
| 700 | |a Ruiz Núñez, Ignacio |e autor |9 394571 | ||
| 245 | 1 | 0 | |a Sistemas de producción de carne con novillos holandeses, en base a forrajes del área centro sur |
| 300 | |a 62 p | ||
| 942 | |c BK | ||
| 945 | |d 19971121 00:00:00 |a jquezada | ||
| 260 | |a Chillán |b Instituto de Investigaciones Agropecuarias |c 1976 | ||
| 650 | 7 | |a PRODUCCION DE CARNE |2 CL-VaPUC |9 393936 | |
| 650 | 7 | |a NOVILLOS |2 CL-VaPUC |9 393957 | |
| 650 | 7 | |a PRODUCTOS |2 CL-VaPUC |9 338640 | |
| 650 | 7 | |a ESTABLOS |2 CL-VaPUC |9 393806 | |
| 650 | 7 | |a PRADERAS |2 CL-VaPUC |9 264231 | |
| 650 | 7 | |a ENSILAJE |2 CL-VaPUC |9 264452 | |
| 650 | 0 | |a Alimentación animal |9 393779 | |
| 583 | |a last modification |c 19971121 00:00:00 |k Rodrigo Vera | ||
| 490 | 0 | |a Boletín Técnico, 5 | |
| 999 | |c 263282 |d 263280 | ||